000
00301nam a2200109Ia 4500
008
171204s9999 xx 000 0 und d
245
_a
College Algebra:
245
_c
JJtheTutor
260
_c
2015
650
_x
G-MATH1 Modern College Algebra
856
_u
http://down.ebook777.com/051/9781508750543.pdf
999
_c
345502
_d
345502